Представление документа в формате RUSMARC

ПолеНазваниеЗначение
  Тип записи a
  Библиографический уровень m
001 Контрольный номер RU/CBS_UL/BASE/adaec0959d554bb29e2ff0427c76b153
005 Дата корректировки 20260113161156.9
010 Индекс ISBN __
a ISBN 978-5-08-007481-3
b Уточнения в пер.
d Цена 509 р. 75 к.
9 Тираж 1 500 экз.
100 Данные общей обработки __
a Данные общей обработки 20260113d 0rusy0189## ca
101 Язык документа 0_
a Язык текста rus
102 Страна публикации __
a Страна публикации RU
200 Заглавие и сведения об ответственности 1_
a Заглавие Украденная песенка
e Сведения, относящиеся к заглавию дальневосточные сказки
g Последующие сведения об ответственности [отв. ред. Ю. Кариганова]
g Последующие сведения об ответственности ил. И. Лисичкиной
210 Выходные данные 1_
a Место издания Москва
c Издательство Детская литература
d Дата издания 2025
215 Физическое описание __
a Объем 45, [2] с.
c Иллюстрации/тип воспроизводства ил.
d Формат 22 см.
225 Серия 2_
a Серия Дом сказок
300 Общие примечания __
a Общие примечания 6+
606 Тематические рубрики 0_
a Основная рубрика Фольклор России - Сказки народов Дальнего Востока
610 Ключевые слова 0_
a Ключевые слова фольклор России; сказки дальневосточные; литература детская; колдовство; доброта
686 Индексы других классификаций __
2 Код системы rubbk
a Классификационный индекс 82.3(2Рос)
801 Источник записи _0
a Страна RU
b Организация МБУК ЦБС г. Ульяновска
c Дата составления 20260113
g Правила каталогизации RCR
801 Источник записи _1
a Страна RU
b Организация МБУК ЦБС г. Ульяновска
c Дата составления 20260113
g Правила каталогизации RCR
852 Данные о местонахождении __
i Авторский знак У 45
j Шифр хранения 82.3(2Рос)
900 Электронные ресурсы __
a Имя электронного ресурса укр ск
901 Тип документа __
t Тип документа m
909 Создатель записи __
a Создатель записи obr4
b Дата создания записи 20260113